| 000 | 00758nam a2200229 a 4500 | ||
|---|---|---|---|
| 001 | 77587 | ||
| 003 | BD-RjUL | ||
| 005 | 20211209083010.0 | ||
| 008 | 201202s2005 bg a|||| m||| 00| 0 eng d | ||
| 035 | _a(BD-RjUL)77813 | ||
| 040 |
_aBD-RjUL _beng _dBD-RjUL |
||
| 041 | _aeng | ||
| 082 |
_223 _a636 _bCHI 2005 |
||
| 100 |
_aChanda, Gouranga Ch _9242226 |
||
| 245 |
_aImpact of livestock polices and programmes of Bangladesh Goverment on production / _cBy Gouranga ch. chanda _6M. Zainul Abedin |
||
| 260 |
_aRajshahi : _bI.B.S. RU, _c2005 |
||
| 300 |
_aXix. 194 leaves : _bill. ; _c29 cm |
||
| 502 | _aThesis (Ph. D.) Institute of Bangladesh studies RU 2005 | ||
| 650 |
_aAnimal Husbandry _9242227 |
||
| 700 |
_aAbedin, M, Zainul _9242228 |
||
| 942 |
_2ddc _cTHE |
||
| 999 |
_c77587 _d77587 |
||